Statistics for Common Baking Ingredients by Picture

Click here to take the quiz!

General Stats

  • This quiz has been taken 2,465 times
  • The average score is 14 of 15

Answer Stats

Answer% Correct
Eggs
100%
Lemons
100%
Chocolate
99%
Oranges
99%
Sugar
99%
Water
99%
Milk
98%
Salt
98%
Butter / Margarine
97%
Almonds
95%
Flour
93%
Ginger
91%
Baking Powder / Soda
89%
Sprinkles
85%
Vanilla
84%

Score Distribution

Percentile by Number Answered

Percent of People with Each Score

Your Score History

You have not taken this quiz